Statistics for Most Common Last Names in MLB baseball History

Click here to take the quiz!

General Stats

  • This quiz has been taken 3,054 times
  • The average score is 12 of 25

Answer Stats

#HintLast Name% Correct
149Ozzie, Phenomenal, SkyrocketSmith
95%
97Chipper, Binky, BumpusJones
93%
110Randy, Cheif, FooterJohnson
92%
37Reggie, Shoeless Joe, SonnyJackson
84%
75Ted, Mutt, SteamboatWilliams
82%
40Cy, Babe, PepYoung
81%
44Pedro, Chito, TippyMartinez
77%
46Ivan, Wandy, WilfredoRodriguez
77%
68Eric, Chili, StormDavis
60%
41Keith, Enzo, GorkysHernandez
60%
73Hack, Highball, IcehouseWilson
53%
40Frank, Frosty, PinchThomas
52%
47Brady, Alf, SparkyAnderson
49%
86Mordecai, Boardwalk, BusterBrown
49%
87Shelby, Corky, OxMiller
41%
43Dale, Buzz, DummyMurphy
38%
41Larry, Mysterious, SpeedWalker
35%
43Will, Otey, PepClark
28%
40Frank, Fuzz, Jo-JoWhite
25%
37Freddy, Kiko, OnelkiGarcia
18%
44Milt, Fresco, JockoThompson
15%
38David, Lucky, RastyWright
13%
52Donnie, Molly, ScrappyMoore
10%
50Tony, Dummy Live OakTaylor
7%
41Frank, Chub, SleeperSullivan
1%

Score Distribution

Percentile by Number Answered

Percent of People with Each Score

Your Score History

You have not taken this quiz